000 00969nam a2200313 i 4500
001 bg
003 BPK
005 20191026082547.0
008 001010s2000 pl f f |000 0 pol
015 _aPB 18672/2000
020 _a830113173X
040 _cBPK
041 0 _apol
080 _a621.01
080 _a(075.8)
100 1 _aFeld, Mieczysław
_d(1924-2012)
_eAutor
245 1 0 _aTechnologia budowy maszyn /
_cMieczysław Feld.
250 _aWyd. 3 zm.
260 _aWarszawa :
_bWydawnictwo Naukowe PWN,
_c2000.
300 _a345, [2] s. :
_bil. ;
_c24 cm.
490 1 _aTechniki Wytwarzania
504 _aBibliogr. - Spis norm.
650 4 _aMaszyny
_xtechnologia.
655 _aPodręczniki akademickie
710 2 _aWydawnictwo Naukowe PWN
_4pbl.
856 _uhttp://koha.tu.koszalin.pl/cgi-bin/koha/opac-detail.pl?biblionumber=51041
_yKatalog online BPK
830 0 _aTechniki Wytwarzania
942 _cKS
_2UKD
999 _c51041
_d51041